000 00793nam a2200205Ia 4500
003 GCL
008 140319s9999 xx 000 0 ara d
040 _aGCL /
_cGCL
082 0 4 _aط
_b371.822
_bم ص
100 1 _aفاطمة المعدول
245 1 0 _aصورة الأنثى فى الكتب الدراسية بمرحلة التعليم الأساسى :
_bدراسة تحليلية /
_cفاطمة المعدول
260 _aالقاهرة :
_bالمركز القومى لثقافة الطفل ،
_c2005
300 _a132 ص ؛
_c26 سم
650 0 4 _aاساسيات التعليم
650 0 4 _aالتعليم النسوى
650 0 4 _aالتعليم المفتوح
650 0 4 _aالتعليم - اغراضه واهدافه
650 0 4 _aتعليم النساء
942 _2ddc
_cBK
999 _c9436
_d9436